| 000 | 00692nam a2200193Ia 4500 | ||
|---|---|---|---|
| 001 | 10632 | ||
| 003 | GE_BSU | ||
| 008 | 181216s||||||||xx |||||||||||||| ||und|| | ||
| 020 | _a1987–5053 | ||
| 040 | _cGE_BSU | ||
| 245 | _aლიტერატურული პალიტრა. №7.(118)ივლისი.2014. | ||
| 245 | _cპროექტ.ავტ.თამარ მამაცაშვილი.მთ. რედ. ზ. ჩხეიძე | ||
| 260 | _aთბილისი. | ||
| 260 | _bსტამბა კოლორი. | ||
| 260 | _c2014. | ||
| 300 | _a174გვ.28სმ. | ||
| 653 | _aლიტერატურული პალიტრა. | ||
| 942 | _cCR | ||
| 999 |
_c43883 _d43883 |
||